Come and Come - Statistics

General Stats
  • This quiz has been taken 5 times
  • The average score is 7 of 11
Answer Stats
+1 Peeks Answer % Correct
Where are these 5 countries where James living in Portugal | Slovakia | United Kingdom | United States | China
100%
Where Hamshu was live in China
75%
Charles live in 8 countries, he live in Denmark | India | Italy | France | Norway | Iraq | Japan | China
75%
Charles had a messon of a country Denmark | Portugal | India | Italy
75%
The only one has '✓' in there a alphabetical order M
75%
James, did you play a videogames? No
75%
A generation of puzzles every week Badge
50%
The month with 28 days and 29 days February
50%
A camping through where are in Forest
50%
A stars where they come in Night
50%
A halloween coming a month in 2022 October
50%
No matching quizzes found
Score Distribution
Percent of People with Each Score
Percentile by Number Answered
Your Score History
You have not taken this quiz